[Event "AUTO-ADV-2993"]
[Site "http://www.queenalice.com/game.php?id=1229028"]
[Date "2013.11.1"]
[Round "1"]
[White "mauricio_sm"]
[Black "bispo46"]
[Result "1-0"]
[WhiteElo "1955"]
[BlackElo "2035"]

1. e4 c5 2. Nf3 d6 3. d4 cxd4 4. Nxd4 Nf6 5. Nc3 e6 6. Bb5+ Bd7 7. Qe2 Be7 8.
Bxd7+ Nbxd7 9. Qb5 Qb6 10. Qxb6 Nxb6 11. Ndb5 O-O 12. Bg5 h6 13. Bxf6 Bxf6 14.
O-O Nc4 15. b3 Nd2 16. Rfd1 Nxe4 17. Nxe4 Bxa1 18. Rxa1 d5 19. Nd2 a6 20. Nd4
Rfc8 21. Rc1 b5 22. N2f3 Rc5 23. Kf1 a5 24. Ke2 b4 25. Ne5 Ra6 26. Kd2 a4 27.
Nd3 Rc8 28. Nxb4 Rb6 29. Nd3 axb3 30. axb3 f6 31. Re1 e5 32. Nf5 Rc7 33. Ne3 Rb5
34. Ra1 g6 35. Ra6 Kg7 36. Ng4 Rf7 37. Rc6 d4 38. f3 Ra5 39. Rc5 Ra1 40. b4 Rfa7
41. Rc6 Rg1 42. g3 Raa1 43. Rc7+ Kf8 44. Ke2 Ra2 45. Nxf6 Rg2+ 46. Kf1 Raxc2 47.
Rxc2 Rxc2 48. Ng4 Rc3 49. Ngxe5 g5 50. Nd7+ 1-0

[Event "AUTO-ADV-3003"]
[Site "http://www.queenalice.com/game.php?id=1231819"]
[Date "2013.11.12"]
[Round "1"]
[White "Aborigen"]
[Black "bispo46"]
[Result "1-0"]
[WhiteElo "2086"]
[BlackElo "1951"]

1. e4 c5 2. f4 d6 3. Nf3 e6 4. Nc3 Nf6 5. Bb5+ Bd7 6. Bxd7+ Qxd7 7. O-O Be7 8.
e5 dxe5 9. fxe5 Nd5 10. Nxd5 Qxd5 11. d4 Nc6 12. c3 O-O-O 13. Be3 f6 14. dxc5
Bxc5 15. Qe2 Bxe3+ 16. Qxe3 f5 17. Qe2 h6 18. Rad1 Qxa2 19. Ra1 Qd5 20. b4 Qd3
21. Qxd3 Rxd3 22. b5 Ne7 23. c4 1-0

[Event "AUTO-ADV-3003"]
[Site "http://www.queenalice.com/game.php?id=1231820"]
[Date "2013.11.12"]
[Round "1"]
[White "bispo46"]
[Black "Aborigen"]
[Result "0-1"]
[WhiteElo "1963"]
[BlackElo "2074"]

1. e4 c5 2. Nf3 Nc6 3. d4 cxd4 4. Nxd4 e5 5. Nf3 d6 6. Be2 Nf6 7. Nc3 Be7 8. O-O
O-O 9. h3 h6 10. Be3 a6 11. Qd2 Be6 12. Rad1 Qc7 13. a3 Rfd8 14. Bd3 b5 15. b4
Rdc8 16. Nd5 Bxd5 17. exd5 Nd8 18. Bxh6 gxh6 19. Qxh6 e4 20. Ng5 exd3 21. Rxd3
Bf8 22. Qxf6 Bg7 23. Qf5 Kf8 24. Re1 Be5 25. Rf3 Qxc2 0-1

[Event "AUTO-ADV-3003"]
[Site "http://www.queenalice.com/game.php?id=1231831"]
[Date "2013.11.12"]
[Round "1"]
[White "Spessatto"]
[Black "bispo46"]
[Result "0-1"]
[WhiteElo "1877"]
[BlackElo "1951"]

1. d4 e6 2. h3 Nf6 3. Nf3 d5 4. Bf4 Bd6 5. Ne5 Ne4 6. e3 O-O 7. Bd3 c5 8. Bxe4
dxe4 9. Nd2 cxd4 10. Nxe4 Bxe5 11. Bxe5 Qa5+ 12. c3 Qxe5 13. Ng3 dxe3 14. O-O
exf2+ 15. Kxf2 Qf4+ 16. Qf3 Qxf3+ 17. Kxf3 b6 18. Kf2 Nc6 19. Ne4 Rd8 20. Kg1
Bb7 21. Ng5 Ne5 22. b3 h6 23. Rae1 Nd3 24. Rd1 hxg5 0-1

[Event "AUTO-ADV-3003"]
[Site "http://www.queenalice.com/game.php?id=1231832"]
[Date "2013.11.12"]
[Round "1"]
[White "bispo46"]
[Black "Spessatto"]
[Result "1-0"]
[WhiteElo "1966"]
[BlackElo "1929"]

1. e4 e5 2. Nf3 Nc6 3. d4 exd4 4. Nxd4 Bc5 5. Be3 Nxd4 6. Bxd4 Bxd4 7. Qxd4 Nf6
8. Qe5+ Qe7 9. Qxe7+ Kxe7 10. Nc3 d6 11. Nd5+ Nxd5 12. exd5 Bf5 13. O-O-O a5 14.
Bb5 Rhd8 15. h4 Rdc8 16. Rhe1+ Kf8 17. Rd4 c6 18. dxc6 bxc6 19. Bd3 Bxd3 20.
Rxd3 d5 21. Rde3 Re8 22. Kd2 Rab8 23. b3 c5 24. Re5 Rxe5 25. Rxe5 Rd8 26. f4 g6
27. g4 f6 28. Re6 Kf7 29. Ra6 c4 30. Rxa5 f5 31. g5 Ke6 32. Kc3 cxb3 33. axb3
Rh8 34. Ra6+ Ke7 35. Kd4 h6 36. Rxg6 hxg5 37. hxg5 Rd8 38. Rf6 Rc8 39. c4 dxc4
40. bxc4 Rg8 41. Rxf5 1-0

[Event "AUTO-ADV-3003"]
[Site "http://www.queenalice.com/game.php?id=1231840"]
[Date "2013.11.12"]
[Round "1"]
[White "bispo46"]
[Black "oevidalr"]
[Result "1-0"]
[WhiteElo "2004"]
[BlackElo "1840"]

1. e4 e5 2. Nf3 Nc6 3. d4 Bd6 4. dxe5 Nxe5 5. Nc3 Nxf3+ 6. Qxf3 Nf6 7. Bd3 h6 8.
O-O Qe7 9. Bf4 Bxf4 10. Qxf4 O-O 11. Qxc7 Ng4 12. h3 Ne5 13. Nd5 Qg5 14. f4 Qg6
15. Ne7+ Kh8 16. Nxg6+ fxg6 17. Qxe5 b6 18. f5 d6 19. Qxd6 Bb7 20. fxg6 Rf6 21.
Rxf6 gxf6 22. Qxf6+ 1-0

[Event "AUTO-ADV-3003"]
[Site "http://www.queenalice.com/game.php?id=1231842"]
[Date "2013.11.12"]
[Round "1"]
[White "oevidalr"]
[Black "bispo46"]
[Result "0-1"]
[WhiteElo "1615"]
[BlackElo "2078"]

1. e4 c5 2. Nc3 d6 3. Bc4 e6 4. Nf3 Nf6 5. d3 Be7 6. h3 O-O 7. O-O h6 8. a3 Nc6
9. Be3 b6 10. Qe2 Bb7 11. b4 cxb4 12. axb4 Nxb4 13. Rab1 Nc6 14. d4 Qc7 15. d5
Na5 16. Ba2 Qxc3 17. dxe6 fxe6 18. Bxe6+ Kh8 19. Bd4 Qc6 20. Bxf6 Bxf6 21. Bd5
Qc8 22. Bxb7 Qxb7 23. Rb5 Rfe8 24. Re1 Nc6 25. Qc4 Ne5 0-1

[Event "AUTO-ADV-3049"]
[Site "http://www.queenalice.com/game.php?id=1247080"]
[Date "2014.1.11"]
[Round "1"]
[White "brumbaz"]
[Black "bispo46"]
[Result "1-0"]
[WhiteElo "1644"]
[BlackElo "1886"]

1. e4 c5 2. Nf3 d6 3. Bd3 Nf6 4. O-O e6 5. Nc3 Be7 6. Bb5+ Bd7 7. d3 Bxb5 8.
Nxb5 O-O 9. Nh4 Nxe4 10. g3 a6 11. c4 axb5 12. dxe4 Bxh4 13. gxh4 Qxh4 14. f3
1-0

[Event "AUTO-ADV-3049"]
[Site "http://www.queenalice.com/game.php?id=1247081"]
[Date "2014.1.11"]
[Round "1"]
[White "bispo46"]
[Black "brumbaz"]
[Result "0-1"]
[WhiteElo "1860"]
[BlackElo "1670"]

1. e4 e5 2. Nf3 Bd6 3. d4 Nc6 4. dxe5 Bxe5 5. Nxe5 Nxe5 6. Be2 Nf6 7. Nc3 O-O 8.
O-O d6 9. Bg5 h6 10. Bxf6 Qxf6 11. Nd5 Qg5 12. Kh1 Bg4 13. Nxc7 Rad8 14. f4 Qh4
0-1

[Event "AUTO-ADV-3049"]
[Site "http://www.queenalice.com/game.php?id=1247092"]
[Date "2014.1.11"]
[Round "1"]
[White "Spartaccus"]
[Black "bispo46"]
[Result "1-0"]
[WhiteElo "2323"]
[BlackElo "2044"]

1. d4 e6 2. e4 d5 3. e5 c5 4. c3 Nc6 5. f4 c4 6. Nf3 Nge7 7. b3 b5 8. a4 b4 9.
bxc4 Nf5 10. cxd5 Qxd5 11. Bd3 Be7 12. c4 Qa5 13. Bxf5 b3+ 14. Bd2 Bb4 15. Be4
Bb7 16. Qxb3 Rb8 17. d5 Bxd2+ 18. Nbxd2 1-0

[Event "AUTO-ADV-3049"]
[Site "http://www.queenalice.com/game.php?id=1247093"]
[Date "2014.1.11"]
[Round "1"]
[White "bispo46"]
[Black "Spartaccus"]
[Result "0-1"]
[WhiteElo "2039"]
[BlackElo "2336"]

1. e4 c5 2. Nf3 d6 3. d4 cxd4 4. Nxd4 Nf6 5. Nc3 a6 6. Be2 e5 7. Nb3 Be6 8. Kf1
Nbd7 9. g4 Rc8 10. f3 Be7 11. h3 b5 12. Nd5 Bxd5 13. exd5 Nb6 14. Bg5 Nfxd5 15.
Qd2 Bxg5 16. Qd3 Ne3+ 17. Kf2 Nbc4 0-1

[Event "AUTO-ADV-3049"]
[Site "http://www.queenalice.com/game.php?id=1247098"]
[Date "2014.1.11"]
[Round "1"]
[White "chessman"]
[Black "bispo46"]
[Result "1-0"]
[WhiteElo "2024"]
[BlackElo "2061"]

1. e4 c5 2. Nf3 d6 3. Bb5+ Bd7 4. Bxd7+ Qxd7 5. O-O e6 6. Re1 Nf6 7. e5 dxe5 8.
Nxe5 Qc7 9. d4 Be7 10. Nc3 Nc6 11. Nxc6 Qxc6 12. dxc5 Bxc5 13. Qe2 O-O 14. Be3
Bxe3 15. Qxe3 Rfd8 16. Rad1 Qc7 17. h3 a6 18. Qe2 Rxd1 19. Rxd1 1-0

[Event "AUTO-ADV-3049"]
[Site "http://www.queenalice.com/game.php?id=1247099"]
[Date "2014.1.11"]
[Round "1"]
[White "bispo46"]
[Black "chessman"]
[Result "0-1"]
[WhiteElo "2080"]
[BlackElo "2005"]

1. e4 e6 2. d4 d5 3. e5 c5 4. c3 Nc6 5. Nf3 Qb6 6. Be2 cxd4 7. cxd4 Bb4+ 8. Nc3
Nge7 9. a3 Bxc3+ 10. bxc3 h6 11. O-O Bd7 12. Qd3 Na5 13. Rb1 Qc6 14. Bd2 Nc4 15.
Rb3 Nf5 16. Rfb1 b6 17. Qc2 O-O 18. Bxc4 Qxc4 19. Rb4 Qc7 0-1

[Event "AUTO-INT-2710"]
[Site "http://www.queenalice.com/game.php?id=1253835"]
[Date "2014.2.4"]
[Round "2"]
[White "lemoufflet"]
[Black "bispo46"]
[Result "1-0"]
[WhiteElo "1890"]
[BlackElo "1994"]

1. e4 c5 2. d4 cxd4 3. Qxd4 Nc6 4. Qd5 Nf6 5. Qd3 d6 6. Bd2 e6 7. Nc3 Be7 8. Nf3
h6 9. O-O-O O-O 10. g3 Ng4 11. Qe2 Nge5 12. Nh4 Bxh4 13. Qh5 Bf6 14. f4 Nd7 15.
Bd3 Nc5 16. f5 1-0

[Event "AUTO-INT-2710"]
[Site "http://www.queenalice.com/game.php?id=1253836"]
[Date "2014.2.4"]
[Round "2"]
[White "bispo46"]
[Black "lemoufflet"]
[Result "0-1"]
[WhiteElo "2016"]
[BlackElo "1868"]

1. e4 e5 2. Nf3 Qf6 3. d4 Nc6 4. dxe5 Qg6 5. Nc3 d6 6. Qd3 dxe5 7. Nd5 Bd6 8.
Be3 Nf6 9. Bc5 Nxd5 10. Bxd6 Qxd6 11. exd5 Nb4 12. Qe4 Bd7 13. Nxe5 f5 14. Qe2
O-O-O 15. Nf7 Nxc2+ 0-1